Влияние организационной культуры на эффективность управления предприятием; Актуальные проблемы гуманитарных наук

Dades bibliogràfiques
Parent link:Актуальные проблемы гуманитарных наук.— 2008.— С. 48-50
Autor principal: Радченко О. Л.
Idioma:rus
Publicat: 2008
Matèries:
Format: MixedMaterials Capítol de llibre
KOHA link:https://koha.lib.tpu.ru/cgi-bin/koha/opac-detail.pl?biblionumber=228650

MARC

LEADER 00000naa2a2200000 4500
001 228650
005 20231031201637.0
035 |a (RuTPU)RU\TPU\book\249131 
035 |a RU\TPU\book\249064 
090 |a 228650 
100 |a 20121220d2008 k y0rusy50 ca 
101 0 |a rus 
102 |a RU 
200 1 |a Влияние организационной культуры на эффективность управления предприятием  |f О. Л. Радченко 
320 |a Библиогр.: 7 назв. 
463 0 |0 (RuTPU)RU\TPU\book\194420  |t Актуальные проблемы гуманитарных наук  |o сборник научных трудов, апрель 2008 г., Томск  |f Томский политехнический университет (ТПУ)  |v С. 48-50  |d 2008  |p 562 с. 
610 1 |a организационная культура 
610 1 |a эффективность 
610 1 |a управление 
610 1 |a предприятия 
700 1 |a Радченко  |b О. Л. 
801 1 |a RU  |b 63413507  |c 20101011 
801 2 |a RU  |b 63413507  |c 20121220  |g RCR 
942 |c BK